| 000 | 01026nam a2200265Ia 4500 | ||
|---|---|---|---|
| 003 | OSt | ||
| 005 | 20220923211250.0 | ||
| 006 | a|||||r|||| 00| 0 | ||
| 007 | ta | ||
| 008 | 220922b |||||||| |||| 00| 0 pan d | ||
| 020 |
_a9788178563299 _c220 |
||
| 024 | _a260,742 | ||
| 037 |
_b558, 14/12/2011, H.K. Prakashan _cTextual |
||
| 040 |
_aARTS _cARTS _bpan |
||
| 041 |
_2pan _apan |
||
| 082 | _aO153,6:gN, Q2 | ||
| 100 | _aਬ੍ਰਹਮਜਗਦੀF ਸਿੰਘ | ||
| 245 | 0 |
_aਆਧੁਨਿਕ ਪੰਜਾਬੀ ਵਾਰਤਕ _b ਸਿੱਧਾਤ ਇਤਿਹਾਸ ਅਤੇ ਪ੍ਰਵਿਰਤੀਆਂ |
|
| 260 |
_aਅੰਮ੍ਰਿਤਸਰ _b ਵਾਰਿਸ Fਾਹ ਖ਼ਾਉ੍ਵਡੇFਨ _c2012 |
||
| 300 |
_a176ਪੰ _ccm. |
||
| 650 | _a ੳਾਂOਛਥ ਭੱਜ਼ਾਂਸ਼. | ||
| 650 | _aਪੰਜਾਬੀ ਸਾਹਿਤ | ||
| 942 |
_hO153,6:gN, Q2 _cTEXL _2CC |
||
| 999 |
_c297915 _d297915 |
||